LEADER 01403nam2 22003373i 450 001 UBO1070333 005 20231121125855.0 010 $a884490263X 100 $a20141021d2000 ||||0itac50 ba 101 | $aita 102 $ait 181 1$6z01$ai $bxxxe 182 1$6z01$an 200 1 $aInternet banking$etecnologia, economia e diritto: quinto rapporto sul sistema finanziario italiano$fFondazione Rosselli$ga cura di F. Riolo e D. Masciandaro$gsaggi di M. Bagella ... [et al.! 210 $aMilano$cEdibank$d2000 215 $a681 p.$d25 cm. 461 1$1001RMS1952079$12001 $aRapporto sul sistema finanziario italiano$fFondazione Rosselli$v5 606 $aBanche$xApplicazioni di Internet$2FIR$3RMLC400431$9I 676 $a332.10285467$9$v21 702 1$aBagella$b, Michele$3CFIV011192 702 1$aRiolo$b, Franco$3CFIV112949 702 1$aMasciandaro$b, Donato$3RAVV016985 710 02$aFondazione Rosselli$3BVEV012620$4070$0117328 801 3$aIT$bIT-01$c20141021 850 $aIT-FR0098 899 $aBiblioteca Area Giuridico Economica$bFR0098 912 $aUBO1070333 950 2$aBiblioteca Area Giuridico Economica$d 53IMP 332.102/11$e 53VM 0000109275 VM barcode:ECO014831. - Inventario:5951. - Fondo:Sala consultazioneVM$fA $h20010626$i20121204 977 $a 53 996 $aInternet banking$967907 997 $aUNICAS